| 000 | 00496cam a2200157 a 4500 | ||
|---|---|---|---|
| 020 | _a0470088699 (alk. paper/cd) | ||
| 082 | 0 | 0 |
_a660.299514 _bINS |
| 100 |
_aPakistan _944773 |
||
| 245 | 0 | 4 |
_aInstructions and specifications for the use of cold bitumen emulsins _cPakistan |
| 260 |
_aLahore: _bBitumen emulsions , |
||
| 300 |
_aiii, 19 p. : _bill. ; _c15 cm. |
||
| 526 |
_a0 _b0 _c0 _d660_299514000000000_INS |
||
| 526 |
_a0 _b0 _c0 _d660_299514000000000_INS |
||
| 650 | 0 |
_aMCE _9379 |
|
| 942 |
_2ddc _cBK |
||
| 999 |
_c548466 _d548466 |
||